[Event "Queima das Fitas op"]
[Site "Coimbra"]
[Date "2022.04.25"]
[Round "5"]
[White "Calzada Cruz, Osvaldo"]
[Black "Sousa, Joao Francisco Silv"]
[Result "0-1"]
[WhiteElo "1702"]
[BlackElo "1978"]
[PlyCount "82"]
[EventDate "2022.04.23"]
[EventType "swiss"]
[EventRounds "7"]
[EventCountry "POR"]
[SourceTitle "EXT 2023"]
[Source "ChessBase"]
[SourceDate "2022.10.05"]
[SourceVersion "1"]
[SourceVersionDate "2022.10.05"]
[SourceQuality "1"]

1. c4 e5 2. Nc3 Nf6 3. Nf3 Nc6 4. g3 d5 5. cxd5 Nxd5 6. Bg2 Nb6 7. 0-0 Be7 8. d3 0-0 9. a3 Re8 10. b4 Bf8 11. Ne4 a5 12. b5 Nd4 13. Nxd4 exd4 14. Bg5 f6 15. Bd2 Nd5 16. e3 dxe3 17. fxe3 Be6 18. d4 Qd7 19. Qh5 Kh8 20. Nc5 Bxc5 21. dxc5 Bf7 22. c6 bxc6 23. bxc6 Qe7 24. Qf3 Nb6 25. e4 Nc4 26. Bf4 Rab8 27. Rab1 Nxa3 28. Rxb8 Rxb8 29. Bxc7 Rc8 30. Bf4 Nc4 31. c7 Ne5 32. Bxe5 Qxe5 33. Bh3 Rxc7 34. Rd1 g6 35. Qd3 Kg7 36. Bg2 a4 37. Qa3 Qc5+ 38. Qxc5 Rxc5 39. Ra1 Bb3 40. Bf3 Rc2 41. Bd1 Rd2 0-1

[Event "Figueira da Foz op 11th"]
[Site "Figueira da Foz"]
[Date "2017.11.05"]
[Round "9"]
[White "Calzada Cruz, Osvaldo"]
[Black "Marcal, Armando Paulo Gomes"]
[Result "0-1"]
[WhiteElo "1803"]
[BlackElo "1779"]
[PlyCount "72"]
[EventDate "2017.10.29"]
[EventType "swiss"]
[EventRounds "9"]
[EventCountry "POR"]
[SourceTitle "CBM 181 Extra"]
[Source "ChessBase"]
[SourceDate "2017.12.12"]
[SourceVersion "1"]
[SourceVersionDate "2017.12.12"]
[SourceQuality "1"]

1. e4 d6 2. b3 Nf6 3. Nc3 g6 4. Bb2 Bg7 5. Be2 c5 6. h4 h5 7. Bb5+ Nc6 8. Qe2 Bd7 9. Bxc6 Bxc6 10. Nf3 Ng4 11. 0-0-0 Qb6 12. Nh2 Nxh2 13. Rxh2 e5 14. g4 hxg4 15. Qxg4 Rh5 16. Rf1 Bh6 17. Ne2 Bd7 18. Qg3 Qb4 19. f4 0-0-0 20. Qd3 Bg4 21. c3 Qa5 22. Kc2 d5 23. Qg3 f5 24. fxe5 dxe4 25. Nf4 c4 26. Nxh5 Rd3 27. Qg1 Bxh5 28. Rxf5 Qd8 29. Qc5+ Kb8 30. Rff2 e3 31. dxe3 cxb3+ 32. axb3 Bd1+ 33. Kb1 Bxb3 34. Bc1 a5 35. Rd2 Bf8 36. Rxd3 Qxd3+ 0-1

[Event "Figueira da Foz op 7th"]
[Site "Figueira da Foz"]
[Date "2010.11.03"]
[Round "5.14"]
[White "Leite Oralova, Catarina"]
[Black "Calzada Cruz, Osvaldo"]
[Result "1-0"]
[WhiteElo "2183"]
[BlackElo "1891"]
[PlyCount "39"]
[EventDate "2010.10.31"]
[EventType "swiss"]
[EventRounds "9"]
[EventCountry "POR"]
[SourceTitle "EXT 2011"]
[Source "ChessBase"]
[SourceDate "2010.11.26"]
[SourceVersion "1"]
[SourceVersionDate "2010.11.26"]
[SourceQuality "1"]

1. e4 d6 2. f4 Nf6 3. Nc3 e5 4. Nf3 Bg4 5. h3 Bxf3 6. Qxf3 g6 7. Bc4 Bg7 8. fxe5 dxe5 9. d3 Nc6 10. 0-0 Nd4 11. Qf2 b5 12. Nxb5 Nxb5 13. Bxb5+ Ke7 14. Bg5 Qd6 15. Be3 Kd8 16. Bc5 Qe6 17. Bc4 Qc6 18. b4 g5 19. Qe3 Bf8 20. Bxf8 1-0